| 000 | 05618nam a22006017a 4500 | ||
|---|---|---|---|
| 005 | 20100529110327.0 | ||
| 008 | 100529t xxu||||| |||| 00| 0 eng d | ||
| 010 | _aENG-96189 B-423010-033 | ||
| 020 |
_a9780070703476 _c550.00 |
||
| 020 |
_a0070703477 _c550.00 |
||
| 035 | _aEN-79722 B-423010-033 | ||
| 037 | _bDBAD/PUB | ||
| 037 | _bAllied Pub/Ven | ||
| 040 |
_aDPL _bEng |
||
| 082 | _a006.7 | ||
| 100 |
_aBurns, Ed _929495 |
||
| 245 |
_aJavaserver faces 2.0: _cby Ed Burns, Chris Schalk [and] Neil Griffin _bthe complete reference / |
||
| 260 |
_aNew Delhi _bTata McGrow Hill _c2010 |
||
| 270 |
_a7 West Patel Nagar, _bNew Delhi _e110008 |
||
| 300 |
_axxix, 722p.: _c24cm. (pbk) _bill. |
||
| 500 | _aincludes index | ||
| 650 |
_aWeb sites _xDesign. _929496 |
||
| 650 |
_aWeb site development. _929497 |
||
| 700 |
_aSchalk, Chris _929498 |
||
| 700 |
_aGriffin, Neil _929499 |
||
| 942 |
_2ddc _cEN _mBUR _h006.7 |
||
| 999 |
_c36377 _d36377 |
||